Giovani migranti cinesi : la seconda generazione a Prato /

Gespeichert in:
Bibliographische Detailangaben
1. Verfasser: Ceccagno, Antonella (Verfasst von)
Format: Buch
Sprache:Italienisch
Veröffentlicht: Milano : F. Angeli, ©2004
Schriftenreihe:Collana di sociologia ; 444
Schlagworte:
Tags: Tag hinzufügen
Keine Tags, Fügen Sie das erste Tag hinzu!

MARC

LEADER 00000nam a22000007i 4500
001 IT\ICCU\UBO\2570677
003 ItRI
005 20260115232234.0
008 041025s2004 it |||||| ||||| |||||c
040 |b ita  |c importazione bologna sebina 
041 7 |a ita  |2 ISO-639-2 
100 1 |a Ceccagno, Antonella  |0 IT\ICCU\BVEV\031179  |4 aut 
245 1 0 |a Giovani migranti cinesi :  |b la seconda generazione a Prato /  |c Antonella Ceccagno. 
260 |a Milano :  |b F. Angeli,  |c ©2004 
300 |a 200 p. ;  |c 23 cm. 
650 7 |a Giovani immigrati  |x Prato  |2 scbi 
830 0 |a Collana di sociologia ;  |v 444  |0 IT\ICCU\CFI\0151987 
942 |2 ddc  |c BK  |n 0 
952 |0 0  |1 0  |4 0  |6 DOC_305_895000000000000_CEC  |7 0  |9 22636  |a BO  |b BO  |d 2026-01-15  |i 9657  |l 0  |o DOC 305.895 CEC  |p BO9657  |r 2026-01-15 23:22:34  |w 2026-01-15  |x [Sebina 5] [1 v.]  |y BK  |z 1 v. 
999 |c 19333  |d 19333